|
|
|
|
| LEADER |
01354naa#a2200445#ar4500 |
| 001 |
000109813 |
| 003 |
SVKKK |
| 005 |
20130125093841.0 |
| 008 |
130125c2010 xo #|0||||||||0|||b|slo |
| FMT |
|
|
|
| 015 |
|
|
|a SNBRA2013/01
|
| 038 |
|
|
|a SVKKK
|
| 040 |
|
|
|a SVKKK
|b slo
|e AACR2
|
| 041 |
0 |
|
|a slo
|
| 044 |
|
|
|a xo
|c SK
|
| 080 |
|
|
|a 628.474.3
|x (437.6)
|2 1997
|
| 080 |
|
|
|a 504.05
|2 1997
|
| 080 |
|
|
|a 581.91
|2 1997
|
| 090 |
|
|
|a III.216756
|
| 100 |
1 |
|
|a Dienes, Koloman
|4 aut
|
| 245 |
1 |
0 |
|a Využitie divorastúcej flóry pri indikácii genotoxicity in situ na príklade Mestskej spaľovne - Podunajské Biskupice
|c Koloman Dienes, Eva Brutovská, Andrea Sámelová
|
| 504 |
|
|
|a Bibliogr. odkazy
|
| 610 |
2 |
4 |
|a Mestská spaľovňa (Podunajské Biskupice, Slovensko)
|
| 650 |
0 |
4 |
|a mestské spaľovne
|
| 650 |
0 |
4 |
|a divorastúca flóra
|
| 650 |
0 |
4 |
|a genotoxická deteriorizácia
|
| 650 |
0 |
4 |
|a peľová abortivita
|
| 650 |
0 |
4 |
|a indikačné indexy
|
| 651 |
|
4 |
|a Podunajské Biskupice (Slovensko)
|
| 700 |
1 |
|
|a Brutovská, Eva
|4 aut
|
| 700 |
1 |
|
|a Sámelová, Andrea
|4 aut
|
| 773 |
0 |
|
|t Interaktívna konferencia mladých vedcov 2010 : zborník abstraktov
|d Bratislava : OZ Preveda, 2010
|g S. 68
|z 9788097042158
|
| 958 |
|
|
|a SK
|
| 958 |
|
|
|a NB
|
| 974 |
|
|
|a Ma
|
| 992 |
|
|
|a RZB
|
| BAS |
|
|
|
| 852 |
|
|
|a SVKKK
|b BIB
|
| EXP |
|
|
|
| 998 |
|
|
|a SLO
|